Statistics for Knee's Anatomy Flexors

Click here to take the quiz!

General Stats

  • This quiz has been taken 4 times
  • The average score is 4 of 7

Answer Stats

PriorityAnswer% Correct
1biceps femoris
100%
1semimembranosus
100%
1semitendinosus
100%
2gracilis
50%
2gastrocnemicus
0%
3popliteus
0%
2sartorius
0%

Score Distribution

Percentile by Number Answered

Percent of People with Each Score

Your Score History

You have not taken this quiz